000 00928nam a22001697a 4500
005 20260123084435.0
008 230713b ||||| |||| 00| 0 eng d
040 _cSSBUL
_dSSBUL
082 _223
_a၃၂၈.၅၉၁ တ ၁၆၁၂၈ (S-SAT)
245 _aတတိယအကြိမ်ပြည်သူ့လွှတ်တော် သတ္တမအစည်းအဝေးကျင်းပမည့် ပြည်သူ့လွှတ်တော်အစည်းအဝေးခန်းမ.../
260 _c၁၉၈၄။
300 _a၅၉ စာမျက်နှာ၊
_c၁၈ စင်တီ။
500 _aS-SAT: Dr. Prof Sai Aung Tun
650 _aမြန်မာနိုင်ငံပြည်သူ့လွှတ်တော်။
_927829
650 _aလွှတ်တော်အစည်းအဝေးများ
_zမြန်မာနိုင်ငံ။
_927844
942 _2ddc
_cBK1
999 _c27150
_d27150